[Event "Moncada Cup-C"]
[Site "Santiago de Cuba"]
[Date "2019.03.26"]
[Round "7.1"]
[White "Cuenca Gomez, Jesus"]
[Black "Batista Suarez, Jeorling Yahytin"]
[Result "0-1"]
[WhiteElo "2279"]
[BlackElo "2282"]
[PlyCount "54"]
[EventDate "2019.03.20"]
[EventType "tourn"]
[EventRounds "10"]
[EventCountry "CUB"]
[EventCategory "1"]
[SourceTitle "EXT 2023"]
[Source "ChessBase"]
[SourceDate "2022.10.05"]
[SourceVersion "1"]
[SourceVersionDate "2022.10.05"]
[SourceQuality "1"]

1. e4 c5 2. Nf3 Nc6 3. d4 cxd4 4. Nxd4 Qb6 5. Nb3 Nf6 6. Nc3 e6 7. Be3 Qc7 8. Be2 Bb4 9. f3 d5 10. exd5 Nxd5 11. Bd2 Nxc3 12. bxc3 Bd6 13. g3 h5 14. Kf2 e5 15. Bd3 Be6 16. Qe2 h4 17. c4 0-0-0 18. Be3 Nd4 19. Bxd4 exd4 20. g4 Bxh2 21. Rab1 Bg3+ 22. Kf1 Rhe8 23. Qe4 f5 24. gxf5 Bxc4 25. Qg4 Bxd3+ 26. cxd3 Qc2 27. Rc1 Re1+ 0-1

[Event "Adelquis Remon Memorial-B"]
[Site "Holguin"]
[Date "2018.12.03"]
[Round "7.1"]
[White "Cuenca Gomez, Jesus"]
[Black "Charon Mustelier, Manuel"]
[Result "1-0"]
[WhiteElo "2279"]
[BlackElo "2221"]
[PlyCount "93"]
[EventDate "2018.11.30"]
[EventType "tourn"]
[EventRounds "10"]
[EventCountry "CUB"]
[SourceTitle "EXT 2023"]
[Source "ChessBase"]
[SourceDate "2022.10.05"]
[SourceVersion "1"]
[SourceVersionDate "2022.10.05"]
[SourceQuality "1"]

1. e4 c5 2. Nf3 e6 3. d4 cxd4 4. Nxd4 a6 5. c4 Nf6 6. Nc3 d6 7. Be3 Be7 8. Be2 0-0 9. 0-0 Nc6 10. Rc1 Bd7 11. Qd2 Nxd4 12. Bxd4 Bc6 13. f3 b6 14. Rfd1 Nd7 15. b4 Re8 16. Bf1 Qb8 17. Qf2 b5 18. a3 Rc8 19. Kh1 Bf8 20. Be2 bxc4 21. Bxc4 Bb5 22. Ba2 Bc4 23. f4 Qb7 24. f5 e5 25. Be3 Bxa2 26. Qxa2 Nf6 27. Qb1 Rc4 28. Nd5 Nxd5 29. exd5 Rxc1 30. Qxc1 Rc8 31. Qd2 Be7 32. h3 Qb5 33. Rc1 Rc4 34. Rxc4 Qxc4 35. Qc1 Qd3 36. f6 Bd8 37. Bb6 gxf6 38. Bxd8 Kg7 39. a4 h6 40. Qe1 Kg6 41. Kh2 f5 42. Qg3+ Qxg3+ 43. Kxg3 f4+ 44. Kf2 Kf5 45. b5 axb5 46. axb5 Ke4 47. b6 1-0

[Event "Adelquis Remon Memorial-B"]
[Site "Holguin"]
[Date "2018.11.30"]
[Round "2.1"]
[White "Charon Mustelier, Manuel"]
[Black "Cuenca Gomez, Jesus"]
[Result "0-1"]
[WhiteElo "2221"]
[BlackElo "2279"]
[PlyCount "89"]
[EventDate "2018.11.30"]
[EventType "tourn"]
[EventRounds "10"]
[EventCountry "CUB"]
[SourceTitle "EXT 2023"]
[Source "ChessBase"]
[SourceDate "2022.10.05"]
[SourceVersion "1"]
[SourceVersionDate "2022.10.05"]
[SourceQuality "1"]

1. e4 e5 2. Nf3 Nc6 3. Nc3 Nf6 4. d4 exd4 5. Nxd4 Bb4 6. Nxc6 bxc6 7. Bd3 d5 8. exd5 cxd5 9. 0-0 0-0 10. Bg5 Be6 11. h3 h6 12. Bh4 Be7 13. Na4 Rb8 14. c3 Bd7 15. Rb1 Bc6 16. Bc2 Qd7 17. Re1 Rfd8 18. Qd4 g5 19. Bg3 Ne4 20. Be5 Bxa4 21. Qxa4 Qxa4 22. Bxa4 Bd6 23. Bd4 Nd2 24. Bc6 Nxb1 25. Rxb1 Ba3 26. b3 Rd6 27. Bxa7 Rbd8 28. Bb5 c5 29. b4 cxb4 30. cxb4 Ra8 31. Bc5 Re6 32. Rd1 Rb8 33. Bd7 Re2 34. Rxd5 Bxb4 35. Be3 Rxa2 36. h4 gxh4 37. Rd4 Ra6 38. Rxh4 Bf8 39. g3 Bg7 40. Kg2 Ra2 41. Rg4 Ra6 42. Bf5 Rd8 43. Rc4 Rf6 44. Bc2 Re6 45. Rg4 0-1

[Event "Guillermo Garcia Memorial op 27th"]
[Site "Santa Clara"]
[Date "2018.05.24"]
[Round "3"]
[White "Zambrano Acebo, Jean Carlos"]
[Black "Cuenca Gomez, Jesus"]
[Result "1-0"]
[WhiteElo "2140"]
[BlackElo "2262"]
[PlyCount "67"]
[EventDate "2018.05.22"]
[EventType "swiss"]
[EventRounds "9"]
[EventCountry "CUB"]
[SourceTitle "CBM 184 Extra"]
[Source "ChessBase"]
[SourceDate "2018.06.28"]
[SourceVersion "1"]
[SourceVersionDate "2018.06.28"]
[SourceQuality "1"]

1. e4 e5 2. Nf3 Nc6 3. Bb5 a6 4. Bxc6 dxc6 5. 0-0 Bg4 6. h3 h5 7. d3 Qf6 8. Nbd2 Bc5 9. Nc4 Bd6 10. Re1 Bxf3 11. Qxf3 Qe7 12. c3 0-0-0 13. Be3 Kb8 14. b4 g5 15. Qg3 f6 16. a4 Nh6 17. Reb1 g4 18. b5 cxb5 19. axb5 h4 20. Qxh4 axb5 21. Rxb5 gxh3 22. Na5 Qd7 23. Rxb7+ Kc8 24. Rab1 Qe6 25. Rb8+ Kd7 26. Rxd8+ Rxd8 27. Qxh6 h2+ 28. Kxh2 Qa2 29. Qh7+ Be7 30. Rb5 Rf8 31. Qf5+ Ke8 32. Rb8+ Bd8 33. Nc6 Rh8+ 34. Kg3 1-0

[Event "Capablanca Memorial op 53rd"]
[Site "Havana"]
[Date "2018.05.17"]
[Round "8"]
[White "Cuenca Gomez, Jesus"]
[Black "Argote Heredia, Valentina"]
[Result "1-0"]
[WhiteElo "2262"]
[BlackElo "2047"]
[PlyCount "79"]
[EventDate "2018.05.09"]
[EventType "swiss"]
[EventRounds "10"]
[EventCountry "CUB"]
[SourceTitle "EXT 2021"]
[Source "ChessBase"]
[SourceDate "2020.10.23"]
[SourceVersion "1"]
[SourceVersionDate "2020.10.23"]
[SourceQuality "1"]

1. e4 c5 2. Nf3 d6 3. Bb5+ Nd7 4. d4 cxd4 5. Qxd4 a6 6. Bxd7+ Bxd7 7. c4 Nf6 8. Bg5 Ng4 9. Nc3 Qa5 10. 0-0 Ne5 11. Nxe5 dxe5 12. Qd3 e6 13. Rad1 Bc6 14. a3 h6 15. Bh4 Qc7 16. b4 g5 17. Bg3 Be7 18. b5 Rd8 19. Qe2 Bd7 20. b6 Qc5 21. Qh5 Bf6 22. Rd3 Ke7 23. Rf3 Bc6 24. Re1 Rdg8 25. Nd5+ Bxd5 26. exd5 Rf8 27. Rxf6 Kxf6 28. Bxe5+ Ke7 29. Qf3 Ke8 30. Bc7 Kd7 31. d6 Qc6 32. Qf6 Kc8 33. Rd1 Qd7 34. c5 e5 35. Qf3 f5 36. c6 bxc6 37. b7+ Kxb7 38. Qb3+ Ka8 39. Qb6 Qc8 40. Rb1 1-0

[Event "Capablanca Memorial op 53rd"]
[Site "Havana"]
[Date "2018.05.10"]
[Round "2"]
[White "Cuenca Gomez, Jesus"]
[Black "Perez Rodriguez, Luis Manuel"]
[Result "0-1"]
[WhiteElo "2262"]
[BlackElo "2379"]
[PlyCount "126"]
[EventDate "2018.05.09"]
[EventType "swiss"]
[EventRounds "10"]
[EventCountry "CUB"]
[SourceTitle "EXT 2019"]
[Source "ChessBase"]
[SourceDate "2018.10.10"]
[SourceVersion "1"]
[SourceVersionDate "2018.10.10"]
[SourceQuality "1"]

1. e4 e5 2. Nf3 Nc6 3. d4 exd4 4. Nxd4 Nf6 5. Nxc6 bxc6 6. Bd3 d5 7. exd5 cxd5 8. Bg5 Be7 9. Nc3 0-0 10. 0-0 Be6 11. Ne2 h6 12. Bh4 Rb8 13. Rb1 Rb4 14. Bg3 c5 15. c3 Rb6 16. Nf4 Bg4 17. f3 Bc8 18. Bc2 Ba6 19. Re1 d4 20. cxd4 cxd4 21. a3 Bd6 22. Bd3 Qb8 23. Bxa6 Bxf4 24. Bxf4 Qxf4 25. Qd3 Rd8 26. Bc4 Rb7 27. b3 Qd6 28. b4 Rc7 29. Rbd1 Rdc8 30. Ba6 Rd8 31. Bc4 a5 32. bxa5 Qc5 33. Bb5 Nd5 34. a4 Nf4 35. Qe4 d3+ 36. Kh1 d2 37. Rf1 Qg5 38. g3 Ne6 39. a6 Rc1 40. a7 Nc7 41. Bd3 g6 42. Bc4 Kg7 43. f4 Rxd1 44. Rxd1 Qg4 45. Qe5+ Kh7 46. Be2 Qd7 47. Bf3 Re8 48. Qc3 Rd8 49. Qc5 Rc8 50. Qc3 Rd8 51. Kg2 h5 52. Qc2 h4 53. gxh4 Qd6 54. Qc4 Qe7 55. Qe4 Qxh4 56. Qe5 Ne6 57. a8Q Rxa8 58. Bxa8 Qg4+ 59. Kf2 Qxd1 60. Bf3 Qxa4 61. f5 Qh4+ 62. Kf1 Qh3+ 63. Kf2 Qxf3+ 0-1

[Event "Moncada Cup-C"]
[Site "Santiago de Cuba"]
[Date "2018.03.22"]
[Round "3"]
[White "Roll Renford, Evelio Amaurys"]
[Black "Cuenca Gomez, Jesus"]
[Result "0-1"]
[WhiteElo "2191"]
[BlackElo "2210"]
[PlyCount "142"]
[EventDate "2018.03.20"]
[EventType "tourn"]
[EventRounds "10"]
[EventCountry "CUB"]
[SourceTitle "EXT 2021"]
[Source "ChessBase"]
[SourceDate "2020.10.23"]
[SourceVersion "1"]
[SourceVersionDate "2020.10.23"]
[SourceQuality "1"]

1. e4 e5 2. Nf3 Nc6 3. Bc4 Nf6 4. Qe2 Be7 5. d4 d6 6. dxe5 dxe5 7. 0-0 Nd4 8. Nxd4 Qxd4 9. Nc3 Bg4 10. Qd3 c6 11. a4 0-0 12. Be3 Qxd3 13. cxd3 Be6 14. f3 Bxc4 15. dxc4 Nd7 16. Rfd1 Rfd8 17. Kf1 Nc5 18. Ke2 Nb3 19. Rxd8+ Rxd8 20. Rd1 Nd4+ 21. Kf2 Kf8 22. Ne2 Bc5 23. Nc1 f6 24. Nb3 Bb6 25. Bxd4 Bxd4+ 26. Nxd4 exd4 27. c5 Ke7 28. Ke2 b6 29. b4 Ke6 30. Kd3 Ke5 31. g3 g5 32. Rf1 bxc5 33. bxc5 Rb8 34. f4+ gxf4 35. gxf4+ Ke6 36. Rc1 f5 37. Rc4 Rb3+ 38. Kxd4 Rf3 39. Rb4 Rxf4 40. Ke3 Ke5 41. Rb7 Rxe4+ 42. Kf3 Rxa4 43. Re7+ Kd5 44. Rxh7 Kxc5 45. Rf7 Ra3+ 46. Kf4 Rh3 47. Rxf5+ Kb6 48. Ke4 Rxh2 49. Kd3 a5 50. Kc3 Rh3+ 51. Kb2 a4 52. Rg5 c5 53. Rg8 Kb5 54. Rf8 Kb4 55. Rb8+ Kc4 56. Rg8 Rb3+ 57. Kc2 Rd3 58. Ra8 a3 59. Ra4+ Kb5 60. Ra8 Rh3 61. Kb1 c4 62. Ka2 Kb4 63. Rb8+ Kc5 64. Rc8+ Kd4 65. Rd8+ Kc3 66. Rc8 Rh7 67. Ra8 Rb7 68. Kxa3 Kc2 69. Rh8 Rd7 70. Rc8 c3 71. Kb4 Kb2 0-1

[Event "Adelquis Remon Memorial-C"]
[Site "Holguin"]
[Date "2017.11.06"]
[Round "9.1"]
[White "Paneque, Pedro"]
[Black "Cuenca Gomez, Jesus"]
[Result "1/2-1/2"]
[WhiteElo "2292"]
[BlackElo "2242"]
[PlyCount "28"]
[EventDate "2017.11.02"]
[EventType "tourn"]
[EventRounds "10"]
[EventCountry "CUB"]
[SourceTitle "EXT 2023"]
[Source "ChessBase"]
[SourceDate "2022.10.05"]
[SourceVersion "1"]
[SourceVersionDate "2022.10.05"]
[SourceQuality "1"]

1. e4 e5 2. f4 Qh4+ 3. g3 Qe7 4. f5 d5 5. d3 d4 6. Nf3 c5 7. Nbd2 Nc6 8. a4 f6 9. b3 Nh6 10. Nc4 Nf7 11. Bg2 Bd7 12. 0-0 0-0-0 13. Rf2 Kb8 14. a5 Nb4 1/2-1/2

[Event "Adelquis Remon Memorial-C"]
[Site "Holguin"]
[Date "2017.11.04"]
[Round "5.1"]
[White "Gomez Torres, Richard Daniel"]
[Black "Cuenca Gomez, Jesus"]
[Result "0-1"]
[WhiteElo "2182"]
[BlackElo "2242"]
[PlyCount "62"]
[EventDate "2017.11.02"]
[EventType "tourn"]
[EventRounds "10"]
[EventCountry "CUB"]
[SourceTitle "EXT 2023"]
[Source "ChessBase"]
[SourceDate "2022.10.05"]
[SourceVersion "1"]
[SourceVersionDate "2022.10.05"]
[SourceQuality "1"]

1. d4 d5 2. Nf3 Nf6 3. Bf4 e6 4. e3 Bd6 5. Bg3 c5 6. c3 Nc6 7. Bd3 0-0 8. Nbd2 b6 9. Qe2 Qc7 10. 0-0 Re8 11. Rfe1 Bxg3 12. hxg3 e5 13. dxe5 Nxe5 14. Nxe5 Qxe5 15. Nf3 Qc7 16. Qc2 Bb7 17. Rad1 Bc6 18. b4 Rad8 19. bxc5 bxc5 20. c4 d4 21. exd4 Rxe1+ 22. Rxe1 Bxf3 23. gxf3 Rxd4 24. Re3 Qd6 25. Qe2 g6 26. Kg2 Kg7 27. Qc2 h5 28. Qc3 h4 29. Be4 hxg3 30. fxg3 Rd2+ 31. Kh3 Qd8 0-1

[Event "Adelquis Remon Memorial-C"]
[Site "Holguin"]
[Date "2017.11.03"]
[Round "4.1"]
[White "Cuenca Gomez, Jesus"]
[Black "Paneque, Pedro"]
[Result "1/2-1/2"]
[WhiteElo "2242"]
[BlackElo "2292"]
[PlyCount "27"]
[EventDate "2017.11.02"]
[EventType "tourn"]
[EventRounds "10"]
[EventCountry "CUB"]
[SourceTitle "EXT 2023"]
[Source "ChessBase"]
[SourceDate "2022.10.05"]
[SourceVersion "1"]
[SourceVersionDate "2022.10.05"]
[SourceQuality "1"]

1. e4 c6 2. d4 d5 3. Nd2 g6 4. c3 Bg7 5. Bd3 Nf6 6. Ngf3 Bg4 7. h3 dxe4 8. Nxe4 Bf5 9. Nxf6+ Bxf6 10. Bxf5 gxf5 11. 0-0 Nd7 12. Re1 e6 13. Qd3 0-0 14. Bf4 1/2-1/2

[Event "Adelquis Remon Memorial-C"]
[Site "Holguin"]
[Date "2017.11.02"]
[Round "2.1"]
[White "Cuenca Gomez, Jesus"]
[Black "Mastrapa Gonzalez, Roger Sandro"]
[Result "0-1"]
[WhiteElo "2242"]
[BlackElo "2206"]
[PlyCount "102"]
[EventDate "2017.11.02"]
[EventType "tourn"]
[EventRounds "10"]
[EventCountry "CUB"]
[SourceTitle "EXT 2023"]
[Source "ChessBase"]
[SourceDate "2022.10.05"]
[SourceVersion "1"]
[SourceVersionDate "2022.10.05"]
[SourceQuality "1"]

1. e4 d6 2. g3 Nf6 3. Bg2 e5 4. Nc3 Be7 5. Nge2 c6 6. d4 Nbd7 7. 0-0 0-0 8. Kh1 Re8 9. f4 exd4 10. Nxd4 g6 11. Be3 Bf8 12. Bg1 Nc5 13. Re1 a5 14. Nb3 Ncd7 15. Qd2 a4 16. Nd4 Qa5 17. Rad1 Nc5 18. h3 Nfd7 19. Nf3 Nb6 20. b3 Rd8 21. Bd4 Be7 22. Qe3 Nbd7 23. Nxa4 Nxa4 24. bxa4 Qxa4 25. e5 Nf8 26. exd6 Bxd6 27. Ba1 Qb4 28. f5 Bxf5 29. Qh6 f6 30. Bxf6 Rd7 31. Rd4 Qa3 32. Red1 Ne6 33. R4d2 Bf8 34. Qh4 Rxd2 35. Rxd2 Ra4 36. g4 Qc1+ 37. Kh2 Be4 38. Bc3 Bd5 39. Be5 Ra8 40. Rxd5 g5 41. Nxg5 Qxg5 42. Qxg5+ Nxg5 43. Rd7 Rxa2 44. c3 Nf3+ 45. Kg3 Nxe5 46. Rxb7 Ra3 47. Be4 Rxc3+ 48. Kf4 Nf7 49. h4 Rc4 50. Ke3 Rxe4+ 51. Kxe4 Nd6+ 0-1

[Event "Moncada Cup"]
[Site "Santiago de Cuba"]
[Date "2017.03.26"]
[Round "7.3"]
[White "Neyra Ferrer, Jose Asdrubal"]
[Black "Cuenca Gomez, Jesus"]
[Result "1-0"]
[WhiteElo "2127"]
[BlackElo "2196"]
[PlyCount "97"]
[EventDate "2017.03.21"]
[EventType "swiss"]
[EventRounds "10"]
[EventCountry "CUB"]
[SourceTitle "EXT 2023"]
[Source "ChessBase"]
[SourceDate "2022.10.05"]
[SourceVersion "1"]
[SourceVersionDate "2022.10.05"]
[SourceQuality "1"]

1. e4 e5 2. Nf3 Nc6 3. Bb5 a6 4. Ba4 Nf6 5. Nc3 b5 6. Bb3 Be7 7. d3 0-0 8. 0-0 d6 9. a4 b4 10. Nd5 Nxd5 11. Bxd5 Bb7 12. Bd2 Rb8 13. Qe2 a5 14. Be3 Bf6 15. c3 Ne7 16. Bxb7 Rxb7 17. c4 c5 18. h4 g6 19. g3 Bg7 20. h5 f5 21. hxg6 Nxg6 22. Ng5 Qd7 23. exf5 Qxf5 24. Bd2 Rd7 25. Qe4 Ne7 26. Qxf5 Rxf5 27. Ne4 Nc6 28. Be3 h5 29. Kg2 Nd8 30. Rh1 Kf7 31. Rag1 Ne6 32. Kf1 d5 33. cxd5 Rxd5 34. Ke2 Kf8 35. Rc1 Nd4+ 36. Bxd4 exd4 37. b3 Ke7 38. f4 Kf7 39. Kf3 Bh6 40. Nd2 Kg6 41. Rce1 Bg5 42. Rxh5 Kxh5 43. g4+ Kg6 44. gxf5+ Rxf5 45. Re4 Bd8 46. Kg4 Kf6 47. Re8 Rd5 48. Ne4+ Kf7 49. Rh8 1-0

[Event "Moncada Cup"]
[Site "Santiago de Cuba"]
[Date "2017.03.25"]
[Round "6.1"]
[White "Saiz Rodriguez, Daniel Evelio"]
[Black "Cuenca Gomez, Jesus"]
[Result "1/2-1/2"]
[WhiteElo "2100"]
[BlackElo "2196"]
[PlyCount "79"]
[EventDate "2017.03.21"]
[EventType "swiss"]
[EventRounds "10"]
[EventCountry "CUB"]
[SourceTitle "EXT 2023"]
[Source "ChessBase"]
[SourceDate "2022.10.05"]
[SourceVersion "1"]
[SourceVersionDate "2022.10.05"]
[SourceQuality "1"]

1. d4 d5 2. Nf3 e6 3. e3 Nf6 4. Bd3 Be7 5. Nbd2 b6 6. b3 Bb7 7. Bb2 Nbd7 8. 0-0 0-0 9. c4 c5 10. Ne5 cxd4 11. Bxd4 Nxe5 12. Bxe5 dxc4 13. Bxc4 b5 14. Be2 Qd5 15. Nf3 a6 16. Qe1 Qe4 17. Qb1 Rac8 18. Qxe4 Nxe4 19. Rfd1 Bd5 20. Bd3 Ba3 21. Nd2 Nc3 22. Bxc3 Rxc3 23. Nb1 Rxd3 24. Nxa3 Rxd1+ 25. Rxd1 Rc8 26. f3 f5 27. Rd2 Rc1+ 28. Kf2 Ra1 29. Rb2 Rh1 30. h3 h5 31. Nc2 a5 32. Nd4 b4 33. Ne2 Rd1 34. Rc2 g5 35. Nc1 h4 36. Ke2 Rg1 37. Kf2 Rh1 38. Nd3 Rd1 39. Ke2 Rg1 40. Kf2 1/2-1/2

[Event "Moncada Cup"]
[Site "Santiago de Cuba"]
[Date "2017.03.23"]
[Round "4.2"]
[White "Cuenca Gomez, Jesus"]
[Black "Robles Diaz, Jose Alberto"]
[Result "1-0"]
[WhiteElo "2196"]
[BlackElo "2122"]
[PlyCount "89"]
[EventDate "2017.03.21"]
[EventType "swiss"]
[EventRounds "10"]
[EventCountry "CUB"]
[SourceTitle "EXT 2023"]
[Source "ChessBase"]
[SourceDate "2022.10.05"]
[SourceVersion "1"]
[SourceVersionDate "2022.10.05"]
[SourceQuality "1"]

1. e4 d6 2. d4 Nf6 3. Nc3 g6 4. f3 c6 5. Be3 Nbd7 6. Qd2 h5 7. Nh3 Qc7 8. Nf2 Bg7 9. Be2 b5 10. a3 a6 11. h4 c5 12. Ncd1 cxd4 13. Bxd4 Bb7 14. a4 0-0 15. axb5 axb5 16. Rxa8 Rxa8 17. Bxb5 e5 18. Bc3 d5 19. Bxd7 Qxd7 20. 0-0 Qc7 21. Re1 d4 22. Bb4 Nd7 23. Nd3 Qd8 24. g3 Kh7 25. c3 Bh6 26. Qc2 g5 27. Kg2 gxh4 28. Rh1 Qg5 29. Rxh4 Rg8 30. Rh3 f5 31. N3f2 fxe4 32. Nxe4 Qg6 33. Rxh5 Bxe4 34. Qxe4 Qxe4 35. fxe4 Kg6 36. Rf5 Ra8 37. cxd4 Ra1 38. Nf2 exd4 39. Rd5 Nf6 40. Rd6 Kf7 41. e5 Ng8 42. Rxd4 Rb1 43. Bc3 Ne7 44. Rd6 Be3 45. e6+ 1-0

[Event "Chessung Gp2"]
[Site "Guantanamo"]
[Date "2017.02.21"]
[Round "8.3"]
[White "Suarez Aguilera, Omar Eduardo"]
[Black "Cuenca Gomez, Jesus"]
[Result "1-0"]
[WhiteElo "2098"]
[BlackElo "2196"]
[PlyCount "153"]
[EventDate "2017.02.16"]
[EventType "tourn"]
[EventRounds "10"]
[EventCountry "CUB"]
[SourceTitle "EXT 2023"]
[Source "ChessBase"]
[SourceDate "2022.10.05"]
[SourceVersion "1"]
[SourceVersionDate "2022.10.05"]
[SourceQuality "1"]

1. d4 d5 2. c4 e6 3. Nc3 Be7 4. cxd5 exd5 5. Nf3 Nf6 6. Bg5 0-0 7. Qc2 c6 8. e3 Nbd7 9. Bd3 Re8 10. h3 Nf8 11. 0-0 g6 12. Ne5 Ne6 13. f4 Ng7 14. g4 Nd7 15. Bh6 Nf8 16. f5 Bf6 17. fxg6 hxg6 18. Qf2 Bxe5 19. dxe5 Qe7 20. e4 d4 21. Qxd4 Nge6 22. Qe3 Nd7 23. Bf4 Nxf4 24. Qxf4 Nxe5 25. Be2 Kg7 26. Kg2 Rh8 27. Rad1 g5 28. Qe3 Ng6 29. Qd4+ f6 30. Rh1 Be6 31. Qd6 Qxd6 32. Rxd6 Rh4 33. Kg3 Kf7 34. Bf3 Rah8 35. Rdd1 Nf4 36. Bg2 Ke7 37. Rde1 Kd6 38. e5+ fxe5 39. Ne4+ Kc7 40. Nxg5 Bxa2 41. Rxe5 Nxg2 42. Kxg2 Bd5+ 43. Ne4 a5 44. Kg3 b5 45. Rh2 b4 46. Nf6 Kd6 47. Re8 a4 48. Ne4+ Kc7 49. Re7+ Kd8 50. Ra7 Bxe4 51. Rxa4 c5 52. Ra5 c4 53. Rc5 Bd3 54. b3 Ke7 55. bxc4 Bf1 56. Re5+ Kd6 57. Rb5 Bxh3 58. Rxb4 Rxg4+ 59. Kf3 Rf8+ 60. Ke3 Re8+ 61. Kd2 Bf1 62. c5+ Kxc5 63. Rxg4 Bc4 64. Rh7 Be6 65. Rg5+ Kd6 66. Rh6 Ke7 67. Rg7+ Kf8 68. Ra7 Kg8 69. Rg6+ Kf8 70. Rf6+ Kg8 71. Ra3 Kg7 72. Rf4 Bf7 73. Ra7 Rf8 74. Ke3 Kg8 75. Rg4+ Kh8 76. Rg1 Re8+ 77. Kf4 1-0